Metro Rail Projects in India : (Record no. 58257)

MARC details
000 -LEADER
fixed length control field 01092nam a22002657a 4500
005 - DATE AND TIME OF LATEST TRANSACTION
control field 20140117123546.0
010 ## - LCCN (DPL NO)
LC control number ENG-104070 B-461963-967 B-512554-558
020 ## - INTERNATIONAL STANDARD BOOK NUMBER
International Standard Book Number 9780198073987
Terms of availability 495.00
020 ## - INTERNATIONAL STANDARD BOOK NUMBER
International Standard Book Number 0198073984
Terms of availability 495.00
035 ## - SYSTEM CONTROL NUMBER
System control number EN-87603 B-461963-967 B-512554-558
037 ## - SOURCE OF ACQUISITION
Source of stock number/acquisition DBAD/PUB
037 ## - SOURCE OF ACQUISITION
Source of stock number/acquisition Allied Pub/Ven
037 ## - SOURCE OF ACQUISITION
Source of stock number/acquisition BSB/Ven
Stock number dpl
082 ## - DEWEY DECIMAL CLASSIFICATION NUMBER
Classification number 658.404
082 ## - DEWEY DECIMAL CLASSIFICATION NUMBER
Classification number 388.420954
100 ## - MAIN ENTRY--PERSONAL NAME
Personal name Ramachandran, M.
Dates associated with a name 1941-
245 ## - TITLE STATEMENT
Title Metro Rail Projects in India :
Statement of responsibility, etc by M. Ramachandran with a foreword by E. Sreedharan
Remainder of title a study in project planning /
260 ## - PUBLICATION, DISTRIBUTION, ETC. (IMPRINT)
Place of publication, distribution, etc New Delhi
Name of publisher, distributor, etc Oxford University Press
Date of publication, distribution, etc 2012
270 ## - ADDRESS
Address YMCA Library Building, 1, Jai Singh Road
City New Delhi
Postal code 110001
300 ## - PHYSICAL DESCRIPTION
Extent xvi,195p.
Dimensions 22cm (Hb)
500 ## - GENERAL NOTE
General note Includes bibliographical references and index
942 ## - ADDED ENTRY ELEMENTS (KOHA)
Source of classification or shelving scheme Dewey Decimal Classification
Item type English Books
Classification part 388.420954
Call number suffix RAM
Holdings
Withdrawn status Lost status Not for loan Collection code Home library Current library Date acquired Source of acquisition Cost, normal purchase price Full call number Barcode Copy number Cost, replacement price Koha item type
      Non-fiction Bawana Bawana 18/05/2012 Allied Pub/1828/31.01.2012/27/18.01.2012/10.02.2012 495.00 388.420954 RAM B-461966 1   English Books
      Non-fiction Central Library Central Library 18/05/2012 Allied Pub/1828/31.01.2012/27/18.01.2012/10.02.2012 495.00 388.420954 RAM B-461963 1   English Books
      Non-fiction Central Library Central Library 17/01/2014 BSB/944/21.03.2013/169/08.03.2013/22.03.2013 495.00 388.420954 RAM B-512554 1 495.00 English Books
    Not For Loan Non-fiction D.B.Act.Division D.B.Act.Division 09/11/2011 DBAD/PUB 495.00 658.404 RAM EN-87603 1 495.00 English Books
      Non-fiction Janak Puri Janak Puri 17/01/2014 BSB/944/21.03.2013/169/08.03.2013/22.03.2013 495.00 388.420954 RAM B-512556 1 495.00 English Books
      Non-fiction Karol Bagh Karol Bagh 17/01/2014 BSB/944/21.03.2013/169/08.03.2013/22.03.2013 495.00 388.420954 RAM B-512557 1 495.00 English Books
      Non-fiction Narela Narela 17/01/2014 BSB/944/21.03.2013/169/08.03.2013/22.03.2013 495.00 388.420954 RAM B-512558 1 495.00 English Books
      Non-fiction Patel Nagar Patel Nagar 18/05/2012 Allied Pub/1828/31.01.2012/27/18.01.2012/10.02.2012 495.00 388.420954 RAM B-461964 1   English Books
      Non-fiction Patel Nagar Patel Nagar 17/01/2014 BSB/944/21.03.2013/169/08.03.2013/22.03.2013 495.00 388.420954 RAM B-512555 1 495.00 English Books
      Non-fiction Sarojini Nagar Sarojini Nagar 18/05/2012 Allied Pub/1828/31.01.2012/27/18.01.2012/10.02.2012 495.00 388.420954 RAM B-461965 1   English Books
      Non-fiction Shahdara Branch Shahdara Branch 18/05/2012 Allied Pub/1828/31.01.2012/27/18.01.2012/10.02.2012 495.00 388.420954 RAM B-461967 1   English Books

© Delhi Public Library
Hit Counter
free hit counter